| 000 | 01775cam a2200253 4500500 | ||
|---|---|---|---|
| 005 | 20251228060115.0 | ||
| 041 | _afre | ||
| 042 | _adc | ||
| 100 | 1 | 0 |
_aBocquet, Alain _eauthor |
| 700 | 1 | 0 |
_aVidailhet, Michel _eauthor |
| 245 | 0 | 0 | _aTroubles du comportement alimentaire chez le nourrisson |
| 260 | _c2005. | ||
| 500 | _a55 | ||
| 520 | _aRésumé La collaboration entre pédiatres et pédopsychiatre est nécessaire dans la prise en charge des troubles alimentaires chez le nourrisson pour comprendre – une fois l’étiologie organique explorée – ce qui a pu engendrer ou aggraver ces troubles. Plusieurs exemples viennent illustrer ce propos où l’observation attentive et croisée de la relation mère-enfant et du contexte familial et socio économique permet de comprendre certaines anorexies ou hypotrophies sans cause organique. | ||
| 520 | _aWhen taking care of infant’s feeding disorders, collaboration between paediatricians and paedopsyachiatrists is necessary - once the organic aetiology has been analysed - to understand what may have caused or increased these dysfunctions. Many examples can illustrate this assessment demonstrating that an accurate observation of the mother- infant relationships and of the social as well as of the economic context may lead to the ability for understanding some anorexia or hypertrophies deprived of any organic root. | ||
| 690 | _acomportement maternel | ||
| 690 | _anourrisson | ||
| 690 | _atroubles alimentaires | ||
| 690 | _afeeding disorder | ||
| 690 | _ainfants | ||
| 690 | _amother-infant relationship | ||
| 786 | 0 | _nEnfances & Psy | 30 | 1 | 2005-12-01 | p. 29-37 | 1286-5559 | |
| 856 | 4 | 1 | _uhttps://shs.cairn.info/revue-enfances-et-psy-2006-1-page-29?lang=fr&redirect-ssocas=7080 |
| 999 |
_c1586985 _d1586985 |
||